| 000 | 00673nam a2200193 i 4500 | ||
|---|---|---|---|
| 001 | 106595 | ||
| 003 | ES-MaACL | ||
| 005 | 20230906184219.0 | ||
| 007 | t| | ||
| 008 | 191205s1912 fr c |||| | fre d | ||
| 080 | _a821.134.2 Echegaray, José 1.06 | ||
| 100 | 1 |
_aCurzon, Henri de. _942258 |
|
| 245 | 1 | 3 |
_aLe théatre de José Echegaray _b: etude analytique / _cpar Henri de Curzon. |
| 260 |
_aParis : _bLibrairie Fischbacher, _c1912. |
||
| 300 |
_a144 p. : _b1 retr. ; _c26 cm. |
||
| 600 | 1 | 4 |
_aEchegaray, José, _d1832-1916- _xCrítica e interpretación _946527 |
| 852 |
_aES-MaACL _jE-11410 _z. - Biblioteca Jacinto Martínez Lacalle |
||
| 999 |
_c106595 _d106595 |
||